| 000 | 00477cam a2200181 4500 | ||
|---|---|---|---|
| 001 | D6644 | ||
| 008 | 090401t1976 xxu||||| |||| 00| 0 eng d | ||
| 035 | _a(Sirsi) u2238 | ||
| 041 | _aeng | ||
| 050 | _a346.4104343 | ||
| 110 |
_aLeslie Lintott & Associates _93447 |
||
| 245 | 4 | _aThe cost and consequences of signing a full repairing and insuring lease | |
| 260 |
_aLondon _bLeslie Lintott _c1976 |
||
| 300 | _a31p. 30cm | ||
| 350 | _a0 | ||
| 942 | _n0 | ||
| 948 | _c04/03/1997 | ||
| 999 |
_c85744 _d85744 |
||